Обеспечение безопасной эксплуатации трубопроводов, транспортирующих сероводородсодержащие среды

Detalles Bibliográficos
Outros autores: Иванов С. И. Сергей Иванович, Швец А. В. Анатолий Владимирович, Кушнаренко В. М. Владимир Михайлович, Щепинов Д. Н. Дмитрий Николаевич
Summary:Обобщен опыт подготовки, проведения и оценки результатов внутритрубной диагностики трубопроводов (ВТД), эксплуатируемых ООО «Оренбурггазпром». Рассмотрены вопросы, возникающие при проведении этих работ, и возможные способы их решения, положительные и неудачные пропуски внутритрубных дефектоскопов, нестандартные технические решения возникающих проблем. Проведен анализ дефектности трубопроводов за 15 лет применения ВТД, предложены мероприятия по эффективному обеспечению безопасной эксплуатации трубопроводов. Дан анализ по интерпретации и оценке степени потенциальной опасности выявленных дефектов и проблем, возникающих при отбраковке дефектных участков трубопроводов. Показаны отличительные признаки потенциально опасных и неопасных дефектов, приведена методика расчета дефектных участков трубопроводов. Для научных работников и специалистов предприятий по эксплуатации газонефтепродуктопроводов и организаций, проводящих диагностику и экспертизу технического состояния трубопроводных систем.
Idioma:ruso
Publicado: Москва, Недра, 2006
Subjects:
Formato: MixedMaterials Libro
KOHA link:https://koha.lib.tpu.ru/cgi-bin/koha/opac-detail.pl?biblionumber=168553

MARC

LEADER 00000nam0a2200000 4500
001 168553
005 20231101222752.0
010 |a 5836502390 
035 |a (RuTPU)RU\TPU\book\182868 
090 |a 168553 
100 |a 20091029d2006 k y0rusy50 ca 
101 0 |a rus 
102 |a RU 
105 |a a z 001zy 
200 1 |a Обеспечение безопасной эксплуатации трубопроводов, транспортирующих сероводородсодержащие среды  |f С. И. Иванов [и др.] 
210 |a Москва  |c Недра  |d 2006 
215 |a 216 с.  |c ил. 
320 |a Библиогр.: с. 214. 
330 |a Обобщен опыт подготовки, проведения и оценки результатов внутритрубной диагностики трубопроводов (ВТД), эксплуатируемых ООО «Оренбурггазпром». Рассмотрены вопросы, возникающие при проведении этих работ, и возможные способы их решения, положительные и неудачные пропуски внутритрубных дефектоскопов, нестандартные технические решения возникающих проблем. Проведен анализ дефектности трубопроводов за 15 лет применения ВТД, предложены мероприятия по эффективному обеспечению безопасной эксплуатации трубопроводов. Дан анализ по интерпретации и оценке степени потенциальной опасности выявленных дефектов и проблем, возникающих при отбраковке дефектных участков трубопроводов. Показаны отличительные признаки потенциально опасных и неопасных дефектов, приведена методика расчета дефектных участков трубопроводов. Для научных работников и специалистов предприятий по эксплуатации газонефтепродуктопроводов и организаций, проводящих диагностику и экспертизу технического состояния трубопроводных систем. 
606 1 |a Внутритрубная дефектоскопия  |2 stltpush  |3 (RuTPU)RU\TPU\subj\68829  |9 83950 
610 1 |a трубопроводы 
610 1 |a техническое состояние 
610 1 |a отличительные признаки 
610 1 |a дефекты 
610 1 |a натурные измерения 
610 1 |a натурные испытания 
610 1 |a диагностика 
610 1 |a альтернативные методы 
610 1 |a безопасная эксплуатация 
610 1 |a экспертиза 
675 |a 621.644:620.1  |v 3 
701 1 |a Иванов  |b С. И.  |g Сергей Иванович 
701 1 |a Швец  |b А. В.  |g Анатолий Владимирович 
701 1 |a Кушнаренко  |b В. М.  |g Владимир Михайлович 
701 1 |a Щепинов  |b Д. Н.  |g Дмитрий Николаевич 
801 1 |a RU  |b 63413507  |c 20091029 
801 2 |a RU  |b 63413507  |c 20150615  |g RCR 
942 |c BK